Escaping the build trap : how effective product management creates real value
Guardat en:
| Autor principal: | |
|---|---|
| Format: | Llibre |
| Publicat: |
Shroff
|
| Etiquetes: |
Sense etiquetes, Sigues el primer a etiquetar aquest registre!
|
MARC
| LEADER | 00000nam a2200000Ia 4500 | ||
|---|---|---|---|
| 005 | 20260515061617.0 | ||
| 100 | |a Perri, Melissa, | ||
| 020 | |a 9789352137947 | ||
| 942 | |c BK | ||
| 245 | |a Escaping the build trap : how effective product management creates real value | ||
| 260 | |b Shroff | ||
| 999 | |c 56 |d 56 | ||
| 952 | |0 0 |1 0 |4 0 |7 0 |a ABDN |b ABDN |d 2026-05-15 |l 0 |p 000032 |r 2026-05-15 06:16:17 |w 2026-05-15 |y BK | ||